000 01249nam a22002897a 4500
003 OSt
005 20260503200044.0
008 260503b |||||||| |||| 00| 0 eng d
040 _bEnglish.
_cCvSU-CCAT Campus Library.
_erda.
050 _aUM TJ 1201
_bC47 2013
100 _aCeresa, Carlo, author.
_921040
245 _aImprovise adjustable wrench /
_cCarlo Ceresa, Jeffrey Cordova, and Dwight Evan De Ocampo.
260 _aRosario, Cavite :
_bCavite State University-CCAT Campus,
_c2013.
300 _aix, 34 leaves :
_billustrations ;
_c28 cm
500 _aTechnical Feasibility Study (BSIT Major Stationary Marine Technology) -- Cavite State University-CCAT Campus, 2013.
504 _aIncludes bibliographical references and appendices.
546 _aIn English text
650 _aWrenches -- Design and construction.
_921041
650 _aHard tools.
_919458
650 _aMechanical devices.
_921042
650 _aAutomobiles -- Maintenance and repair -- Tools and equipment.
_921043
700 _aCordova, Jeffrey, author.
_921044
700 _aDe Ocampo, Dwight Evan, author.
_921045
700 _aAlvarez, Nestor M., adviser.
_95915
942 _2lcc
_cT/M/D
_hTJ 1201 C47 2013
_kUM
999 _c5301
_d5301